Every 100K+ City in California - Statistics

General Stats
  • This quiz has been taken 78 times
  • The average score is 51 of 75
Answer Stats
County Population Answer % Correct
Los Angeles 3,898,747 Los Angeles
100%
San Diego 1,386,932 San Diego
100%
San Francisco 873,965 San Francisco
100%
Fresno 542,107 Fresno
98%
Sacramento 524,943 Sacramento
98%
Orange 346,824 Anaheim
96%
Alameda 440,646 Oakland
96%
Riverside 314,998 Riverside
96%
Santa Clara 1,013,240 San Jose
96%
Kern 403,455 Bakersfield
93%
Los Angeles 466,742 Long Beach
93%
San Bernardino 222,101 San Bernardino
93%
Orange 139,911 Orange
89%
Orange 307,670 Irvine
85%
Santa Clara 127,647 Santa Clara
85%
San Diego 275,487 Chula Vista
84%
San Joaquin 320,804 Stockton
84%
Orange 310,227 Santa Ana
82%
Ventura 202,063 Oxnard
80%
Ventura 110,763 Ventura
80%
Alameda 230,504 Fremont
78%
Los Angeles 228,673 Santa Clarita
78%
Stanislaus 218,464 Modesto
75%
Los Angeles 138,699 Pasadena
75%
Orange 198,711 Huntington Beach
73%
San Bernardino 175,265 Ontario
73%
Sonoma 178,127 Santa Rosa
73%
Alameda 124,321 Berkeley
71%
Los Angeles 196,543 Glendale
71%
San Diego 174,068 Oceanside
71%
San Mateo 105,661 San Mateo
71%
Monterey 163,542 Salinas
69%
San Bernardino 208,393 Fontana
67%
Riverside 208,634 Moreno Valley
67%
San Bernardino 174,453 Rancho Cucamonga
67%
Riverside 157,136 Corona
65%
Sacramento 176,124 Elk Grove
65%
Los Angeles 151,713 Pomona
65%
Ventura 126,966 Thousand Oaks
65%
Los Angeles 147,067 Torrance
65%
Los Angeles 107,337 Burbank
64%
San Diego 151,038 Escondido
64%
Orange 143,617 Fullerton
64%
Orange 171,949 Garden Grove
62%
Alameda 162,954 Hayward
62%
Solano 126,090 Vallejo
62%
San Bernardino 134,810 Victorville
62%
San Diego 114,746 Carlsbad
60%
San Mateo 104,901 Daly City
60%
Los Angeles 114,355 Downey
60%
Los Angeles 173,516 Lancaster
60%
San Diego 106,215 El Cajon
58%
Los Angeles 107,762 Inglewood
58%
Ventura 126,356 Simi Valley
58%
Santa Clara 155,805 Sunnyvale
58%
Tulare 141,384 Visalia
58%
Contra Costa 116,448 Richmond
56%
Butte 101,475 Chico
55%
Los Angeles 169,450 Palmdale
55%
Placer 147,773 Roseville
55%
Santa Barbara 109,707 Santa Maria
55%
Los Angeles 109,501 West Covina
55%
Riverside 110,003 Temecula
53%
Riverside 105,053 Jurupa Valley
51%
Solano 102,386 Vacaville
51%
Orange 111,918 Costa Mesa
49%
Fresno 120,124 Clovis
47%
Contra Costa 125,410 Concord
47%
Los Angeles 109,450 El Monte
47%
Riverside 110,949 Murrieta
47%
San Bernardino 104,026 Rialto
47%
Contra Costa 115,291 Antioch
45%
Los Angeles 102,773 Norwalk
45%
Solano 119,881 Fairfield
42%
Riverside 102,527 Menifee
29%
No matching quizzes found
Score Distribution
Percent of People with Each Score
Percentile by Number Answered
Your Score History
You have not taken this quiz